| 000 | 00663nam a22002057a 4500 | ||
|---|---|---|---|
| 003 | OSt | ||
| 005 | 20251216060139.0 | ||
| 008 | 251216b |||||||| |||| 00| 0 eng d | ||
| 020 | _a0553-374982 | ||
| 040 |
_aDWCL-Main lib _cOC |
||
| 082 | _aCirc. 155.924 B812f 1996 | ||
| 100 | _aBardshaw, John | ||
| 245 |
_aFamily secret : _bthe path to self acceptance and reunion _cBradshaw, John |
||
| 260 |
_aNew York : _bBantam Books, _cc1996. |
||
| 300 |
_axvii, 297 pages : _billustrations ; _c21 cm. |
||
| 650 | _21. Families - Psychological aspects. | ||
| 650 | _22. Mental Health. | ||
| 650 | _23. Secrecy - Psychological aspects. | ||
| 942 |
_2ddc _cBK-CIRC _kCirc. _n0 |
||
| 999 |
_c7119 _d7119 |
||